000 01528cam a2200313 4500
001 WB3709-03
008 000000n2001 000 0 eng u
035 _a(Sirsi) u111212
245 _aState of the industry report
260 _c2001
490 _aConstruction Monitor
_vFebruary 2001, 6-8(3)
520 _aThe annual DETR report on the state of the construction industry has shown that construction workloads for the twelve months to September 2000 were 2.5% higher than those for the previous year. The year also saw growth in the housing, commercial and infrastructure sectors. Concerns are expressed, however, from consultants about future workloads, about contractors ability to meet those workloads, and the difficulties of recruitment against the backdrop on an aging workforce. The full report, which includes workforce demographics, is available on the DETR construction website at http://www.construction.detr.gov.uk and the Construction Industry Board website at http://www.ciboard.org.uk.
590 _aWB
650 _aBUILT ENVIRONMENT-BUILDING COSTS
650 _aCONSTRUCTION COSTS
650 _aCONSTRUCTION INDUSTRY BOARD
650 _aCONSTRUCTION INDUSTRY
650 _aCONSTRUCTION OUTPUT
650 _aDETR
650 _aHOUSING
650 _aInfrastructure
_96246
650 _aBUILT ENVIRONMENT-BUILDING MATERIALS
650 _aFORECASTS
650 _aRECRUITMENT
650 _aSTATISTICS
650 _aWORKFORCE
690 _aBUILDING AND CONSTRUCTION-MARKET
942 _n0
999 _c66258
_d66258